| 000 | 00706nam a2200253Ia 4500 | ||
|---|---|---|---|
| 003 | OSt | ||
| 005 | 20221006160853.0 | ||
| 006 | a|||||r|||| 00| 0 | ||
| 007 | ta | ||
| 008 | 221006b |||||||| |||| 00| 0 eng d | ||
| 020 |
_a9788952117922 _cW. 16000 |
||
| 024 | _a46,676 | ||
| 037 | _cTextual | ||
| 040 |
_aEASL _cEASL _beng |
||
| 041 |
_2eng _aeng |
||
| 082 | _aP495,3:4, Q6 | ||
| 100 |
_aLANGUAGE EDUCATION INSTITUTE, _9675310 |
||
| 245 | 0 | _aI love Korean Workbook. 6. | |
| 260 |
_aSeoul _bSeoul National University Press Korea _c2016 |
||
| 300 |
_a171p. _ccm. |
||
| 490 | _v KEL | ||
| 942 |
_hP495,3:4, Q6 _cTEXL _2CC |
||
| 999 |
_c1114766 _d1114766 |
||